Loading...
| 0 | 2 | 0 | 1 | 20 | 110 | 123.50 | 1 | 2 | 0.00 | 0.00 | |
| Fine Arts - Auditory | 0 | 2 | 0 | 0 | 20 | 91 | 106.00 | 2 | 2 | 0.00 | 0.00 |
| Literature - American | 0 | 2 | 0 | 0 | 20 | 73 | 88.50 | 2 | 2 | 0.00 | 0.00 |
| Other Arts: Auditory | 0 | 2 | 0 | 0 | 20 | 74 | 91.50 | 1 | 2 | 0.00 | 0.00 |
| Philosophy | 1 | 0 | 0 | 0 | 15 | 75 | 75.00 | 0 | 1 | 0.00 | 0.00 |
| History - European | 0 | 1 | 0 | 0 | 10 | 80 | 80.00 | 1 | 1 | 0.00 | 0.00 |
| Social Science | 0 | 1 | 0 | 0 | 10 | 106 | 106.00 | 0 | 1 | 0.00 | 0.00 |
| Beliefs | 0 | 1 | 0 | 0 | 10 | 127 | 127.00 | 1 | 1 | 0.00 | 0.00 |
| Fine Arts - Visual | 0 | 1 | 0 | 0 | 10 | 79 | 79.00 | 1 | 1 | 0.00 | 0.00 |
| Geography | 0 | 1 | 0 | 0 | 10 | 71 | 71.00 | 0 | 1 | 0.00 | 0.00 |